|
|
|
|
| LEADER |
00000cam a2200000 a 4500 |
| 001 |
vtls001068954 |
| 003 |
SK-MaSNL |
| 005 |
20260301232752.0 |
| 008 |
240513s1992 xo a p 000 0 slo |
| 015 |
|
|
|a SNBA1992/09
|
| 020 |
|
|
|a 8022305065
|q (brož.)
|
| 035 |
|
|
|a SNK000011784
|
| 035 |
|
|
|a urn:nbn:sk:snk-amlill
|
| 035 |
|
|
|a urn:nbn:sk:snk-am00bqw3
|
| 035 |
|
|
|a 5BE50DE0-4E59-4FFE-8B35-4B7AAB949A1F
|
| 040 |
|
|
|a SNK
|b slo
|c SNK
|e AACR2
|
| 041 |
0 |
|
|a slo
|
| 044 |
|
|
|a xo
|c SK
|
| 080 |
|
|
|a 616.31-085(075.8)
|2 1981
|
| 100 |
1 |
|
|a Bachratý, Anton,
|d 1933-
|4 aut
|9 87481
|
| 245 |
1 |
0 |
|a Čeľustná ortopédia
|c Anton Bachratý, Ľudmila Bachratá
|
| 250 |
|
|
|a 1. vyd.
|
| 260 |
|
|
|a Bratislava
|b Univerzita Komenského
|c 1992
|e Bratislava
|f Polygrafické stredisko UK
|
| 300 |
|
|
|a 108 s.
|b sch., tab.
|c 29 cm
|
| 366 |
|
|
|e 150 výtl.
|
| 490 |
1 |
|
|a Vysokoškolské skriptá
|
| 650 |
0 |
7 |
|a ortodoncia
|2 SNKPH
|9 19517
|
| 655 |
|
7 |
|a učebnice vysokých škôl
|2 SNKPH
|9 70191
|
| 655 |
|
7 |
|a Textbooks (higher)
|2 SNKPHeng
|9 276436
|
| 700 |
1 |
|
|a Bachratá, Ľudmila,
|d 1940-
|4 aut
|9 87482
|
| 810 |
2 |
|
|a Univerzita Komenského
|t Vysokoškolské skriptá
|9 450135
|
| 852 |
|
|
|a Slovenská národná knižnica
|
| 919 |
|
|
|a 80-223-0506-5
|
| 954 |
|
|
|a odborná, vedecká literatúra pôvodná (slovenská)
|2 lita
|
| 958 |
0 |
7 |
|a RM
|
| 958 |
0 |
7 |
|a UV
|
| 958 |
|
|
|a OND
|
| 999 |
|
|
|c 962784
|d 964714
|
| 952 |
|
|
|t P60, <04>, [BOOK], {604}
|a SNK
|b SNK
|y VYP
|7 0
|p 17A0146603
|o snkSB 49871 D1
|0 0
|1 0
|4 0
|d 1998-07-03
|l 0
|r 2004-12-31 00:00:00
|w 2026-02-24
|
| 952 |
|
|
|a SNK
|b SNK
|y PREZ
|7 0
|p 17A0804661
|o snkSB 49871
|0 0
|1 0
|4 0
|d 2012-07-16
|f 1
|l 0
|r 2025-03-05 00:00:00
|w 2026-02-24
|